Philosophie, morale et société / (Record no. 13950)

MARC details
000 -LEADER
campo de control de longitud fija 00725nam a2200253 i 4500
001 - NÚMERO DE CONTROL
campo de control 13950
003 - IDENTIFICADOR DE NÚMERO DE CONTROL
campo de control ES-MaACL
005 - FECHA Y HORA DE LA ÚLTIMA TRANSACCIÓN
campo de control 20230906150711.0
007 - CAMPO FIJO DE DESCRIPCIÓN FÍSICA--INFORMACIÓN GENERAL
campo de control de longitud fija t|
008 - DATOS DE LONGITUD FIJA--INFORMACIÓN GENERAL
campo de control de longitud fija 980819s1982 be ||||1| fre d
020 ## - NÚMERO INTERNACIONAL ESTÁNDAR DEL LIBRO
Número Internacional Estándar del Libro 2-8004-0778-6
080 ## - NÚMERO DE LA CLASIFICACIÓN DECIMAL UNIVERSAL
Número de la Clasificación Decimal Universal 17:37.02
080 ## - NÚMERO DE LA CLASIFICACIÓN DECIMAL UNIVERSAL
Número de la Clasificación Decimal Universal 37.02:17
245 00 - MENCIÓN DEL TÍTULO
Título Philosophie, morale et société /
Mención de responsabilidad, etc. textes édités par Gilbert Hottois et Marcel Voisin.
260 ## - PUBLICACIÓN, DISTRIBUCIÓN, ETC.
Lugar de publicación, distribución, etc. Bruxelles :
Nombre del editor, distribuidor, etc. Université,
Fecha de publicación, distribución, etc. [1982]
300 ## - DESCRIPCIÓN FÍSICA
Extensión 148 p. ;
Dimensiones 24 cm.
490 1# - MENCIÓN DE SERIE
Mención de serie Laïcité
650 14 - PUNTO DE ACCESO ADICIONAL DE MATERIA--TÉRMINO DE MATERIA
Término de materia o nombre geográfico como elemento de entrada Ética-
Subdivisión general Didáctica.
9 (RLIN) 12580
700 1# - ENTRADA AGREGADA--NOMBRE PERSONAL
Nombre de persona Hottois, Gilbert.
9 (RLIN) 64311
700 1# - ENTRADA AGREGADA--NOMBRE PERSONAL
Nombre de persona Voisin, Marcel.
9 (RLIN) 115682
830 0# - PUNTO DE ACCESO ADICIONAL DE SERIE-TÍTULO UNIFORME
Título uniforme Laïcité
9 (RLIN) 228478
852 ## - LOCALIZACIÓN
Ubicación ES-MaACL
Número de control de estantería L-21287
Sublocalización o colección R.113792
Holdings
Estatus retirado Estado de pérdida Estado de daño No para préstamo Biblioteca de origen Biblioteca actual Ubicación en estantería Fecha de adquisición Fuente de adquisición Total de préstamos Signatura topográfica completa Código de barras Visto por última vez Precio de reemplazo Tipo de ítem Koha
        Biblioteca del Ateneo de Madrid Biblioteca del Ateneo de Madrid Depósito 2 17/01/2008     L-21287 1014194 23/02/2023 23/02/2023 Libro impreso